Countries with the Most Volcanoes Quiz Stats

 Plays Quiz Updated Mar 6, 2019

Score 0/21 Timer 04:00
0 Plays Today
Volcanoes Country % Correct
168United States
96.7%
123Japan
91.6%
144Russia
88.2%
125Indonesia
86.5%
38Mexico
83.9%
24Canada
83.4%
83Chile
81.5%
16Peru
75.5%
28Argentina
74%
27New Zealand
67%
30Iceland
65.9%
Volcanoes Country % Correct
42Philippines
65.4%
34Ecuador
58.4%
20France
53.4%
18Nicaragua
45.7%
21Guatemala
44.9%
49Papua New Guinea
40.8%
18El Salvador
38.5%
21Kenya
36.4%
50Ethiopia
24.6%
20Tonga
16.7%

You're not logged in!

Compare scores with friends on all Sporcle quizzes.
OR
Log In

You Might Also Like...

Show Comments

Extras

Top Quizzes Today


Score Distribution

Your Account Isn't Verified!

In order to create a playlist on Sporcle, you need to verify the email address you used during registration. Go to your Sporcle Settings to finish the process.

Report this User

Report this user for behavior that violates our Community Guidelines.

Details: